00695nam a2200241 a 4500001001300000003000900013005001700022008004100039020002300080082001700103100001900120245003300139260003200172300001000204500003500214650001400249650002100263700001900284902000800303942000700311952011800318999001700436nice12345678IN_TiNIC20260116014913.0140901s2011 newa grp 000 0 eng  a9780061927089c30000a297.211bVOL aVolf, Miroslav aAllahb A Christian Response aNew York bHarperone c2011 a326p  aincludes index and biblioraphy aGod-Islam aGod-Christianity1 aVolf, Miroslav bSRS cBK 001040708StackRoom-aHMIbHMId2005-01-01g300.00l0o297.211 VOLp024710r2005-01-01v300.00w2014-09-01yBK c17481d17481